00587 2200181 4500245004100000020002200041250001100063700001800074700002600092650004800118005001900166260003300185041001400218084001000232500011700242490003700359336000900396 aReptil Volume 4cErry SunarayahText a978-979-3535-67-8 aCet. 1 aErry Sunaraya aAswita Ratih Fitriani aEnsiklopedia Biologi Dunia Hewan : 4 Reptil a20231116141323 aJakartabLENTERA ABADIc2010 aIndonesia a590.3 aDaftar isi : Reptil, kura-kura dan penyu, tuatara, ular, kadal, amphisbaena,buaya dan aligator, reptil terancam. aEnsiklopedia Biologi Dunia Hewan atext